000 00314nam a2200133 i 4500
001 bg
100 1 _aNOWICKI, J.
245 0 _aSzkoła szwedzka w ekonomii politycznej /
_cJ. Nowicki.
260 _aWarszawa,
_c1984.
040 _cBPK
041 _apol
942 _cKS
008 s pl f |000 0 pol
999 _c22682
_d22682
856 _uhttp://koha.tu.koszalin.pl/cgi-bin/koha/opac-detail.pl?biblionumber=22682
_yKatalog online BPK